LIBRARY & INFORMATION CENTRE, KCAET, TAVANUR

ONLINE PUBLIC ACCESS CATALOGUE (OPAC)

Organic chemistry of natural products, vol-1,2 / (Record no. 7264)

MARC details
000 -LEADER
fixed length control field 00565cam a2200229ua 4500
041 ## - LANGUAGE CODE
Language code of text/sound track or separate title eng
082 ## - DEWEY DECIMAL CLASSIFICATION NUMBER
Classification number 547
Item number CHA/OR
100 ## - MAIN ENTRY--AUTHOR NAME
Personal name Chatwal, Gurdeep .
245 ## - TITLE STATEMENT
Title Organic chemistry of natural products, vol-1,2 /
250 ## - EDITION STATEMENT
Edition statement 3 /
260 ## - PUBLICATION, DISTRIBUTION, ETC. (IMPRINT)
Place of publication Mumbai :
Name of publisher Himalaya Publishers ,
Year of publication 1994.
300 ## - PHYSICAL DESCRIPTION
Number of Pages 718 ; .
500 ## - GENERAL NOTE
General note *CSS
942 ## - ADDED ENTRY ELEMENTS (KOHA)
Koha item type Books
Holdings
Withdrawn status Lost status Damaged status Home library Current library Shelving location Date acquired Full call number Accession Number Koha item type
      KAUAET KAUAET Scheme 26/07/2018 547 CHA/OR 18982 Book Bank scheme for SC students
      KAUAET KAUAET Scheme 26/07/2018 547 CHA/OR 18983 Book Bank scheme for SC students
      KAUAET KAUAET Scheme 26/07/2018 547 CHA/OR 18984 Book Bank scheme for SC students
      KAUAET KAUAET Scheme 26/07/2018 547 CHA/OR 18985 Book Bank scheme for SC students
free website counter